000 00202nam a2200073Ia 4500
008 170817s9999 xx 000 0 und d
100 _aSHUKLA C.S.
245 0 _aBHARAT MEIN SAIKSHIK PRANALI KA VIKAS
260 _bINTERNATIONAL PUB.MEERUT
999 _c36401
_d36401